00862 2200313 4500001002100000005001500021035002000036007000300056040001600059245005100075250001200126300003600138020002200174041000800196082000800204084001400212090002500226264003300251336002100284337003000305338002300335650001200358700004500370700004200415850001000457008004100467500002200508990001800530INLIS00000000000741320260602030013 a0010-0822000387ta aSBUPADbind aSpectacular Mediterranean Food /cAdi Soenarno a.-cet.1 aviii, 84 :bilus. ;c20 x 28 cm a978-979-29-0814-507aind a641 a641 ADI s a641.3373 REV a L20-7 a.--Yogyakarta :bANDI,c2009 2rdacontentateks 2rdamediaatanpa perantara 2rdacarrieravolume 4aKuliner0 aEditor, Agnes Heny TriyulianaePengarang0 aPengarang ke-2, Fajar ZeinePengarang aPUPAD260602 0  aIndeks hlm. 74-82 a14869/BR/2014